Ramon Martí d'Eixalà : (Record no. 181853)

MARC details
000 -LEADER
campo de control de longitud fija 01254nam a2200325 i 4500
001 - NÚMERO DE CONTROL
campo de control 181853
003 - IDENTIFICADOR DE NÚMERO DE CONTROL
campo de control ES-MaACL
005 - FECHA Y HORA DE LA ÚLTIMA TRANSACCIÓN
campo de control 20250809031703.0
008 - DATOS DE LONGITUD FIJA--INFORMACIÓN GENERAL
campo de control de longitud fija 130430s2011 sp a | |||||||| | cat d
020 ## - NÚMERO INTERNACIONAL ESTÁNDAR DEL LIBRO
Número Internacional Estándar del Libro 978-84-9883-421-5
080 ## - NÚMERO DE LA CLASIFICACIÓN DECIMAL UNIVERSAL
Número de la Clasificación Decimal Universal 34 Martí de Eixalá, Ramón (043.2)
080 ## - NÚMERO DE LA CLASIFICACIÓN DECIMAL UNIVERSAL
Número de la Clasificación Decimal Universal 1 Martí de Eixalá, Ramón (043.2)
080 ## - NÚMERO DE LA CLASIFICACIÓN DECIMAL UNIVERSAL
Número de la Clasificación Decimal Universal 347.7(460)"18"(043.2)
080 ## - NÚMERO DE LA CLASIFICACIÓN DECIMAL UNIVERSAL
Número de la Clasificación Decimal Universal 347(460.23)"18"(043.2)
100 1# - ENTRADA PRINCIPAL--NOMBRE DE PERSONA
Nombre de persona Valls Salada, Judit (
Fechas asociadas al nombre 1981-)
9 (RLIN) 152654
245 10 - MENCIÓN DEL TÍTULO
Título Ramon Martí d'Eixalà :
Resto del título un exponent de l'escola jurídica catalana del segle XIX /
Mención de responsabilidad, etc. Judit Valls Salada.
250 ## - MENCION DE EDICION
Mención de edición 1ª ed.
260 ## - PUBLICACIÓN, DISTRIBUCIÓN, ETC.
Lugar de publicación, distribución, etc. Barcelona :
Nombre del editor, distribuidor, etc. Publicacions de l'Abadia de Montserrat,
Fecha de publicación, distribución, etc. 2011.
300 ## - DESCRIPCIÓN FÍSICA
Extensión 324 p. :
Otras características físicas il. ;
Dimensiones 24 cm.
490 1# - MENCIÓN DE SERIE
Mención de serie Textos i estudis de cultura catalana ;
Designación de volumen o secuencia 168
502 ## - NOTA DE TESIS
Nota de tesis Tesis--Universidad de Girona, 2010.
504 ## - NOTA DE BIBLIOGRAFÍA, ETC.
Nota de bibliografía, etc. Bibliografía: p. [305]-316.
600 14 - PUNTO DE ACCESO ADICIONAL DE MATERIA--NOMBRE DE PERSONA
Nombre de persona Martí de Eixalá, Ramón,
Fechas asociadas al nombre 1807-1857
9 (RLIN) 77213
650 04 - PUNTO DE ACCESO ADICIONAL DE MATERIA--TÉRMINO DE MATERIA
Término de materia o nombre geográfico como elemento de entrada Derecho mercantil-
Subdivisión geográfica España
9 (RLIN) 11735
650 #4 - PUNTO DE ACCESO ADICIONAL DE MATERIA--TÉRMINO DE MATERIA
Término de materia o nombre geográfico como elemento de entrada Derecho civil-
Subdivisión geográfica Cataluña.
9 (RLIN) 140364
830 0# - PUNTO DE ACCESO ADICIONAL DE SERIE-TÍTULO UNIFORME
Título uniforme Textos i estudis de cultura catalana ;
Designación de volumen o secuencia 168
9 (RLIN) 191693
852 ## - LOCALIZACIÓN
Ubicación ES-MaACL
Número de control de estantería A-12681
itemnumber 188761
Sublocalización o colección R.148692
Ubicación en estantería Depósito 1
Signatura antigua Olim: N-5682
942 ## - ELEMENTOS DE ENTRADA SECUNDARIOS (KOHA)
Fuente del sistema de clasificación o colocación Clasificación decimal universal
Tipo de ítem Koha Libro impreso
Holdings
Estatus retirado Estado de pérdida Fuente del sistema de clasificación o colocación Estado de daño No para préstamo Biblioteca de origen Biblioteca actual Ubicación en estantería Fecha de adquisición Fuente de adquisición Total de préstamos Signatura topográfica completa Código de barras Visto por última vez Precio de reemplazo Tipo de ítem Koha
    Clasificación decimal universal     Biblioteca del Ateneo de Madrid Biblioteca del Ateneo de Madrid Depósito 1 30/04/2013 Donación   A-12681 1191111 23/02/2023 23/02/2023 Libro impreso